شرح الوقاية. مع حاشية عمدة الرعاية # # Sharḥ al-wiqāyah. Maʻa ḥāshiyat ʻUmdat al-riʻāyah/ (Record no. 80751)
[ view plain ]
| 000 -LEADER | |
|---|---|
| fixed length control field | 00673nam a2200169 4500 |
| 003 - CONTROL NUMBER IDENTIFIER | |
| rucl marc code | BD-RjUL |
| 005 - DATE AND TIME OF LATEST TRANSACTION | |
| control field | 20221110130738.0 |
| 008 - FIXED-LENGTH DATA ELEMENTS--GENERAL INFORMATION | |
| fixed length control field | 221110s1943 ii ||||| |||| 00| 0 ara d |
| 035 ## - SYSTEM CONTROL NUMBER | |
| System control number | (BD-RjUL) |
| 040 ## - CATALOGING SOURCE | |
| Original cataloging agency | BD-RjUL |
| Language of cataloging | eng |
| Transcribing agency | BD-RjUL |
| 041 ## - LANGUAGE CODE | |
| Language code of text/sound track or separate title | ara |
| 082 ## - DEWEY DECIMAL CLASSIFICATION NUMBER | |
| Edition number | 23 |
| Classification number | 340.59 |
| Author mark and year | MAS 1943 |
| 100 ## - MAIN ENTRY--PERSONAL NAME | |
| Personal name | Maḥbūbī, Ubayd Allāh ibn Masʻūd |
| 9 (RLIN) | 5789 |
| 245 10 - TITLE STATEMENT | |
| Title | شرح الوقاية. مع حاشية عمدة الرعاية # # Sharḥ al-wiqāyah. Maʻa ḥāshiyat ʻUmdat al-riʻāyah/ |
| Statement of responsibility, etc. | تحت ادارة محمد اسحاق الناظم., ʻUbayd Allāh ibn Masʻūd Maḥbūbī, , |
| 650 ## - SUBJECT ADDED ENTRY--TOPICAL TERM | |
| Topical term or geographic name as entry element | Islamic law Interpretation and construction |
| 9 (RLIN) | 5790 |
| 942 ## - ADDED ENTRY ELEMENTS (KOHA) | |
| Source of classification or shelving scheme | Dewey Decimal Classification |
| Koha item type | Books |
| Lost status | Source of classification or shelving scheme | Damaged status | Not for loan | Collection code | Permanent Location | Current Location | Shelving location | Date acquired | Total Checkouts | Full call number | Date last seen | Copy number | Koha item type |
|---|---|---|---|---|---|---|---|---|---|---|---|---|---|
| Dewey Decimal Classification | Not For Loan | Non-fiction | Central Library, University of Rajshahi | Central Library, University of Rajshahi | Reading Room | 19/01/1977 | A 340.59 MAS V-1 1943 | 10/11/2022 | C-1 | Books |